000 00662nam a22001937a 4500
003 0
005 20251103151143.0
008 251103b xxu||||| |||| 00| 0 eng d
020 _a978-1-77469-532-6
050 _aPN 4728
_b.E53 2023
245 _aEncyclopedia of journalism and mass communication /
_cedited by Anil Kr. Rai.
260 _aBurlington, ON :
_bSociety Publishing,
_c2023.
300 _axxiv, 358 pages :
_bcolored illustrations ;
_c24 cm.
504 _aIncludes bibliographical references and index.
650 _aJournalism
_xEncyclopedias.
650 _aMass media
_xEncyclopedias.
650 _aCommunication
_xEncyclopedias.
942 _2lcc
_cBK
999 _c368420
_d368420